[Event "Let's Play Chess!"]
[Site "http://www.queenalice.com/game.php?id=1860656"]
[Date "2025.7.27"]
[Round "-"]
[White "cdare"]
[Black "igor12345"]
[Result "1-0"]
[WhiteElo "2004"]
[BlackElo "1835"]

1. e4 c5 2. Nf3 d6 3. Bb5+ Bd7 4. Bxd7+ Nxd7 5. Nc3 Ngf6 6. d3 e5 7. O-O Be7 8.
Bg5 h6 9. Bxf6 Bxf6 10. Nd5 Nb6 11. Nxf6+ Qxf6 12. b3 O-O 13. a4 Qe7 14. c4 f5
15. h3 1-0

[Event "Let's Play Chess!"]
[Site "http://www.queenalice.com/game.php?id=1860657"]
[Date "2025.7.27"]
[Round "-"]
[White "igor12345"]
[Black "cdare"]
[Result "0-1"]
[WhiteElo "1868"]
[BlackElo "1971"]

1. e4 d5 2. exd5 Nf6 3. Bb5+ Bd7 4. Bc4 a6 5. Ne2 c6 6. dxc6 Nxc6 7. O-O e6 8.
d4 h6 9. a3 Bd6 10. b4 O-O 11. c3 b5 12. Bb3 e5 13. dxe5 Bxe5 0-1

[Event "Let's Play Chess!"]
[Site "http://www.queenalice.com/game.php?id=1860739"]
[Date "2025.7.29"]
[Round "-"]
[White "cdare"]
[Black "Capixaba789"]
[Result "1-0"]
[WhiteElo "2003"]
[BlackElo "1903"]

1. e4 Nf6 2. Nc3 e5 3. a3 d5 4. d3 d4 5. Na2 Bd6 6. Nf3 Bg4 7. Be2 c5 8. O-O Nc6
9. Bd2 O-O 10. h3 Bh5 11. Nh2 Bxe2 12. Qxe2 a6 13. Ng4 Nxg4 14. Qxg4 f5 15. exf5
b5 16. Bh6 Qf6 17. Bg5 Qf7 18. f6 g6 19. Bh6 Qxf6 20. Bxf8 Rxf8 21. Rae1 Ne7 22.
b4 Nf5 23. Qe4 cxb4 24. Nxb4 a5 25. Nd5 Qf7 26. c3 dxc3 27. Nxc3 Bxa3 28. Nxb5
Bb4 29. Re2 Re8 30. Rc1 1-0

[Event "Let's Play Chess!"]
[Site "http://www.queenalice.com/game.php?id=1860740"]
[Date "2025.7.29"]
[Round "-"]
[White "Capixaba789"]
[Black "cdare"]
[Result "1-0"]
[WhiteElo "1735"]
[BlackElo "1964"]

1. d4 Nf6 2. Nc3 e6 3. f4 Nc6 4. Nf3 Bb4 5. e3 a6 6. Bd3 d5 7. O-O O-O 8. Ne2 b5
9. Ng3 Bd7 10. c3 Ba5 11. b4 Bb6 12. a3 Ne7 13. Bd2 Ng6 14. Ne5 Nxe5 15. fxe5
Ne4 16. Nxe4 dxe4 17. Bxe4 Rb8 18. Rf3 Qe8 19. Qf1 Bc6 20. Qd3 Bxe4 21. Qxe4 a5
22. Raf1 axb4 23. axb4 Ra8 24. Qh4 Ra2 25. Rh3 h6 26. Bc1 Rc2 27. Rg3 Kh8 28. e4
Rxc1 29. Rxc1 c6 30. Qg4 Rg8 31. Rf1 g6 32. h4 h5 33. Qg5 Kh7 34. Rgf3 Rf8 35.
Rf6 Bd8 36. Rxf7+ Rxf7 37. Rxf7+ Qxf7 38. Qxd8 Qf4 39. Qe7+ Kh6 40. Qxe6 Qe3+
41. Kh2 Qxc3 42. Qd6 Kg7 43. e6 1-0